| 000 | 00593nam a22001697a 4500 | ||
|---|---|---|---|
| 999 |
_c61118 _d61118 |
||
| 005 | 20231220155632.0 | ||
| 008 | 231220s2003 ru ||||| |||| 00| 0 rus d | ||
| 020 | _a569903501X | ||
| 041 | _arus | ||
| 080 | _a001(38)(082) П-35 | ||
| 100 |
_aПифагор _920810 |
||
| 245 |
_aЗолотой канон. Фигуры эзотерики / _cПифагор. |
||
| 264 |
_aМ.: _bИзд-во Эксмо, _c2003. |
||
| 300 |
_a 448 с.: _bил. ; _c17 см. |
||
| 653 | _aოქროს კანონი. ეზოთერული ფიგურები | ||
| 942 |
_2udc _cᲬᲘᲒᲜᲘ |
||